| 000 | 00421nam a2200169Ia 4500 | ||
|---|---|---|---|
| 001 | 26426 | ||
| 008 | 140414s9999 xx 000 0 und d | ||
| 020 | _a983-72-0477-x | ||
| 040 | _cPK-LaUMT | ||
| 082 |
_a 155.9042 _bBAT-S |
||
| 100 | _aPromod Batra | ||
| 245 |
_aSimple ways to manage stress _cPromod Batra |
||
| 260 |
_aKuala Lumpur: _bGolden Books Centre, _c2002 |
||
| 300 | _a265 p. | ||
| 546 | _aEN | ||
| 942 | _cBK | ||
| 999 |
_c26588 _d26588 |
||